000 01834nam a2200289Ia 4500
999 _c36762
_d36762
001 2701
003 GE_BSU
005 20190605175411.0
008 181216s2012||||ge |||||||||||||| ||geo||
020 _a9789941175893
040 _cGE_BSU
041 _ageo
080 _a32.001(479.22)+327(479.22) დ-39
245 _aდემოკრატიზაციის პროცესი, რეგიონული კონტექსტი, ეროვნული უმცირესობები და კონფლიქტის ტრანსფორმაცია საქართველოში :
_bსიტუაციური ანალიზი, 2011 წლის ივლისი-სექტემბერი /
_cსოციალური კვლევისა და ანალიზის ინ-ტი.
264 _aთბილისი :
_bუნივერსალი,
_c2012.
300 _a143 გვ. ;
_b20 სმ.
653 _aეროვნული უმცირესობები საქართველოში
653 _aკონფლიქტების მოგვარება
653 _aდემოკრატია საქართველოში
700 _aარეშიძე, მამუკა
_eავტორი
_92154
700 _aდავითაშვილი, ზურაბ
_eავტორი
_9976
700 _aგოგოლაშვილი, კახა
_eავტორი
_92155
700 _aვოლსკი, გია
_eავტორი
_92156
700 _aკაჭკაჭიშვილი, იაგო და სხვ.
_eავტორი
_92157
710 _aსოციალ. კვლევისა და ანალიზის ინ-ტი
_92158
942 _cBK
_2udc